| 000 | 00441nam a2200157Ia 4500 | ||
|---|---|---|---|
| 005 | 20251020182559.0 | ||
| 008 | 200515s9999 xx 000 0 und d | ||
| 082 | _aSC/331.154:321.7(85)/G79 | ||
| 100 | _aGRADOS BERTORINI, Alfonso | ||
| 245 | 0 | _aLa concertación social en la democracia peruana : Hitos y metas de un proceso en marcha | |
| 260 | _aLima | ||
| 260 | _c1982 | ||
| 300 | _a123 | ||
| 650 | _aCONCERTACION SOCIAL | ||
| 942 | _cLIB | ||
| 999 |
_c2989 _d2989 |
||